| 000 | 00686nam a2200229 a 4500 | ||
|---|---|---|---|
| 001 | 44810 | ||
| 003 | BD-RjUL | ||
| 005 | 20211209053924.0 | ||
| 008 | 161229r19551959enk 000 0 eng d | ||
| 035 | _a(BD-RjUL)44928 | ||
| 040 |
_aJNA _cJNA _beng _dBD-RjUL |
||
| 041 | _aeng | ||
| 082 |
_223 _a340 _bDER 1959 |
||
| 100 | 1 |
_aDenning, Alfred Thompson Denning, _d1899-1999. _9137354 |
|
| 245 | 1 | 4 |
_aThe road to justice / _cby the Right Honourable Sir Alfred Denning. |
| 260 |
_aLondon : _bStevens & Sons, _c1955. |
||
| 300 |
_aviii, 118 p. ; _c21 cm. |
||
| 504 | _aIncludes bibliographical references. | ||
| 650 | 0 |
_aJustice. _9128288 |
|
| 650 | 0 |
_aLaw _9177348 |
|
| 942 |
_2ddc _cBK |
||
| 999 |
_c44810 _d44810 |
||